Culture Générale - Série 2055 - Statistiques

Statistiques générales
  • Ce quiz a été pris 88 fois
  • Le résultat moyen est 3 sur 10
Statistiques - réponses
Question Réponse % Correct
Quel est le nom de scène de la chanteuse Nolwenn Le Magueresse ? Nolwenn Leroy
83%
Dans l'Egypte antique quel insecte incarne le dieu solaire ? scarabée
78%
Avec quelle Catherine, Marc Lavoine interprète-t-il "Qu'est-ce que t'es belle" en 1987 ? Ringer
51%
Par rapport au prêtre, les fidèles sont appelés ironiquement .... ouailles
35%
Quelle est l'unité monétaire du Cambodge ? riel
15%
Dans quel canton suisse se trouve la commune de Davos ? Grisons
13%
Si on remplace une lettre au lacet on obtient un silence musical tacet
10%
Dans quel département français se trouve l'étang de Vic ? Hérault
6%
Quel maréchal d'empire prénommé Jean-de-Dieu était duc de Dalmatie ? voir photo Soult
6%
Quel adjectif féminin désigne une neige qui a regelé après avoir commencé à fondre. ? tolée
0%
Aucun quiz correspondant
Distribution des résultats
% des personnes avec chaque résultat
Percentile par nombre de réponses
Votre historique - résultats
Vous n’avez pas pris ce quiz